| 000 | 00673nam a2200193 a 4500 | ||
|---|---|---|---|
| 003 | 0 | ||
| 005 | 20250410111024.0 | ||
| 008 | 071121s19uu xx uuu eng d | ||
| 050 |
_aPHS BF 503 _b.B37 2007 |
||
| 100 | _aBarro, Kendrick Thomas A. | ||
| 245 |
_aSelf-confidence and career choice of graduating students / _cKendrick Thomas A. Barro. |
||
| 260 |
_aLas PiƱas City, Philippines : _bSouthville International School and Colleges, _c2007. |
||
| 300 |
_a29 pages ; _c28 cm. |
||
| 504 | _aIncludes bibliographical references. | ||
| 650 | _aSelf-confidence in youth. | ||
| 650 | _aCareer development. | ||
| 650 |
_aVocational guidance _xStudents. |
||
| 942 |
_2lcc _cPASS |
||
| 999 |
_c97796 _d97796 |
||